000 00343 a2200157 4500
001 170979
020 _a
040 _cMagnum
100 _aRosa, Joao Guimaraes
240 1 0 _aFita verde no cabelo
_lpor
245 1 0 _aFita verde no cabelo
362 0 _a1899
440 1 _aNova Fronteira
697 _aIJ/ADOLESCENTE, NAMORO
942 _cBK
999 _c170979
_d170979